ბათუმის შოთა რუსთაველის სახელმწიფო უნივერსიტეტის ბიბლიოთეკა

JavaScript: the Definitive Guide (ბიბ.ჩანაწერი № 49223)

000 -LEADER
fixed length control field 00610nam a2200229Ia 4500
001 - CONTROL NUMBER
control field 16135
003 - CONTROL NUMBER IDENTIFIER
control field GE_BSU
008 - FIXED-LENGTH DATA ELEMENTS--GENERAL INFORMATION
fixed length control field 181216s||||||||xx |||||||||||||| ||und||
020 ## - INTERNATIONAL STANDARD BOOK NUMBER
International Standard Book Number 9780596805524
040 ## - CATALOGING SOURCE
Transcribing agency GE_BSU
080 ## - UNIVERSAL DECIMAL CLASSIFICATION NUMBER
Universal Decimal Classification number 004.4
100 ## - MAIN ENTRY--PERSONAL NAME
Personal name Flanagan,David
245 ## - TITLE STATEMENT
Title JavaScript: the Definitive Guide
250 ## - EDITION STATEMENT
Edition statement sixth edition
260 ## - PUBLICATION, DISTRIBUTION, ETC.
Date of publication, distribution, etc. 2011
300 ## - PHYSICAL DESCRIPTION
Extent 1078p.23cm.
653 ## - INDEX TERM--UNCONTROLLED
Uncontrolled term JavaScript: the definitive Guide
653 ## - INDEX TERM--UNCONTROLLED
Uncontrolled term ინფორმატიკა
653 ## - INDEX TERM--UNCONTROLLED
Uncontrolled term საინფორმაციო ტექნოლოგიები
942 ## - ADDED ENTRY ELEMENTS (KOHA)
Koha item type წიგნი
ეგზემპლარები
Withdrawn status Lost status Damaged status Not for loan Date acquired Barcode Date last seen Price effective from Koha item type
        2018-12-17 40304 2018-12-17 2018-12-17 წიგნი